| 000 | 00984nam a22003137a 4500 | ||
|---|---|---|---|
| 003 | CHAP | ||
| 005 | 20220329134319.0 | ||
| 008 | 971013s1965 r 00010 d | ||
| 010 | _a18583 | ||
| 011 | _a19555 | ||
| 035 | _a23640 | ||
| 040 | _cCHAP | ||
| 082 |
_a676 _bB6 |
||
| 100 | 0 | 0 |
_aBolam, Francis M. _913462 |
| 245 | _aStuff preparation for paper and paperboard making | ||
| 260 |
_aOxford : _bPergamon, _c1965 |
||
| 300 |
_a248 p. _b: ilus. |
||
| 490 |
_aMonographs on paper and board making _v; 1 |
||
| 590 |
_aBATCH-UPD _b10 _c20130110 _lUCH01 _h1742 |
||
| 590 |
_aBATCH-UPD _b10 _c20130410 _lUCH01 _h1121 |
||
| 590 |
_aBATCH-UPD _b10 _c20130914 _lUCH01 _h0854 |
||
| 590 |
_aCONVERSION _b10 _c20130109 _lUCH01 _h1311 |
||
| 650 | 1 | 4 |
_aCartón. _919659 |
| 650 | 1 | 4 |
_aPapel _xFabricación y comercio. _985372 |
| 830 | 0 |
_aMonographs on paper and board making _v; 1 _977615 |
|
| 901 | _aBK | ||
| 942 | _cLIBRO | ||
| 949 |
_a676 B6 _bBC _cLIBRO _d33724000146734 _eLIBRO _h33149 _i23640 _si |
||
| 999 |
_c18583 _d18583 |
||